000 00356nam a2200145Ia 4500
008 230711s9999||||xx |||||||||||||| ||und||
041 _aENG
082 _a540
_bMO-P
100 _aFreeman, Block Oxtoby
245 0 _aChemistry: science of change
250 _a1st Ed.
260 _c1994
_aNew Delhi
_bPradeep publishers
650 _aChemistry
942 _cBK
999 _c2926
_d2926